Directors of Tom Hanks Movies - Statistics

General Stats
  • This quiz has been taken 76 times
  • The average score is 30 of 59
Answer Stats
Year Movie Director % Correct
2017 The Post Steven Spielberg
98%
2015 Bridge of Spies Steven Spielberg
98%
2004 The Terminal Steven Spielberg
98%
2002 Catch Me If You Can Steven Spielberg
98%
1998 Saving Private Ryan Steven Spielberg
98%
2024 Here Robert Zemeckis
96%
2022 Pinocchio Robert Zemeckis
96%
2004 The Polar Express Robert Zemeckis
96%
2000 Cast Away Robert Zemeckis
96%
1994 Forrest Gump Robert Zemeckis
96%
2016 Inferno Ron Howard
89%
2009 Angels & Demons Ron Howard
89%
2006 The Da Vinci Code Ron Howard
89%
1995 Apollo 13 Ron Howard
89%
1984 Splash Ron Howard
89%
2023 Asteroid City Wes Anderson
85%
1999 The Green Mile Frank Darabont
77%
2022 Elvis Baz Luhrmann
66%
2016 Sully Clint Eastwood
66%
1999 Toy Story 2 John Lasseter
66%
1995 Toy Story John Lasseter
66%
2011 Larry Crowne Tom Hanks
62%
1996 That Thing You Do! Tom Hanks
62%
2004 The Ladykillers Ethan & Joel Coen
60%
1993 Philadelphia Jonathan Demme
60%
1998 You've Got Mail Nora Ephron
58%
1993 Sleepless in Seattle Nora Ephron
58%
2020 News of the World Paul Greengrass
55%
2013 Captain Phillips Paul Greengrass
55%
2012 Cloud Atlas Lana & Lilly Wachowski, Tom Tykwer
53%
1992 A League of Their Own Penny Marshall
53%
1988 Big Penny Marshall
53%
2002 Road to Perdition Sam Mendes
53%
1986 Nothing in Common Garry Marshall
51%
2010 Toy Story 3 Lee Unkrich
49%
2007 Charlie Wilson's War Mike Nichols
45%
2022 A Man Called Otto Marc Forster
34%
1989 The 'Burbs Joe Dante
28%
2016 A Hologram for the King Tom Tykwer
28%
1990 The Bonfire of the Vanities Brian De Palma
26%
2013 Saving Mr. Banks John Lee Hancock
21%
2019 Toy Story 4 Josh Cooley
21%
1985 Volunteers Nicholas Meyer
21%
2011 Extremely Loud & Incredibly Close Stephen Daldry
19%
2021 Finch Miguel Sapochnik
17%
2019 A Beautiful Day in the Neighborhood Marielle Heller
15%
2017 The Circle James Ponsoldt
13%
1989 Turner & Hooch Roger Spottiswoode
11%
1990 Joe Versus the Volcano John Patrick Shanley
9%
1992 Radio Flyer Richard Donner
9%
2020 Greyhound Aaron Schneider
8%
1980 He Knows You're Alone Armand Mastroianni
8%
1988 Punchline David Seltzer
8%
1986 Every Time We Say Goodbye Moshé Mizrahi
8%
1984 Bachelor Party Neal Israel
8%
1986 The Money Pit Richard Benjamin
8%
2009 The Great Buck Howard Sean McGinly
8%
1985 The Man with One Red Shoe Stan Dragoti
8%
1987 Dragnet Tom Mankiewicz
8%
No matching quizzes found
Score Distribution
Percent of People with Each Score
Percentile by Number Answered
Your Score History
You have not taken this quiz